| Поле | Название | Значение |
| |
Тип записи |
a |
| |
Библиографический уровень |
m |
| 001 |
Контрольный номер |
RU/IS/BASE/411479491 |
| 005 |
Дата корректировки |
20250325143905.1 |
| 010 |
Индекс ISBN |
__ |
| a |
ISBN |
5-9268-0112-5 |
| d |
Цена |
78-00 |
| 021 |
№ государственной регистрации |
__ |
| b |
№ документа |
03-33202 |
| 100 |
Данные общей обработки |
__ |
| a |
Данные общей обработки |
19030617d2002 |||y0rusy0189 ca |
| 101 |
Язык документа |
__ |
| a |
Язык текста |
rus |
| 102 |
Страна публикации |
__ |
| a |
Страна публикации |
RU |
| 102 |
Страна публикации |
__ |
| a |
Страна публикации |
RU |
| 105 |
Кодированные данные (монография) |
__ |
| a |
Кодированные данные (монография) |
||||||||000zy |
| 200 |
Заглавие и сведения об ответственности |
__ |
| a |
Заглавие |
Фольклорная арттерапия |
| f |
Первые сведения об ответственности |
Л. Д. Назарова |
| 210 |
Выходные данные |
__ |
| a |
Место издания |
Санкт-Петербург |
| c |
Издательство |
Речь |
| d |
Дата издания |
2002 |
| 215 |
Физическое описание |
__ |
| a |
Объем |
239 с. |
| c |
Иллюстрации/тип воспроизводства |
ил., табл. |
| 225 |
Серия (Журнальная рубрика) |
__ |
| a |
Серия (Журнальная рубрика) |
Аrt-терапия |
| 320 |
Библиография |
__ |
| a |
Библиография |
Библиогр.: с. 200-201 |
| 330 |
Аннотация |
__ |
| a |
Аннотация |
Книга представляет русский песенный фольклор как естественную систему интегративной арттерапии, включающую в себя излечение звуком, музыкой, движением, драмой, рисунком, цветом и несущую в себе скрытые инструкции по сохранению целостности человеческой личности. Для психологов, воспитателей, учителей, студентов психологических и педагогических факультетов. |
| 606 |
Тематические рубрики |
__ |
| a |
Основная рубрика |
Психология |
| 606 |
Тематические рубрики |
__ |
| a |
Основная рубрика |
Отраслевая психология |
| 606 |
Тематические рубрики |
__ |
| a |
Основная рубрика |
Образование. Педагогика |
| 606 |
Тематические рубрики |
__ |
| a |
Основная рубрика |
Методика преподавания учебных предметов |
| 610 |
Ключевые слова |
__ |
| a |
Ключевые слова |
арт-терапия |
| 610 |
Ключевые слова |
__ |
| a |
Ключевые слова |
фольклористика |
| 610 |
Ключевые слова |
__ |
| a |
Ключевые слова |
песни |
| 610 |
Ключевые слова |
__ |
| a |
Ключевые слова |
русский фольклор |
| 610 |
Ключевые слова |
__ |
| a |
Ключевые слова |
эстетическое воспитание |
| 610 |
Ключевые слова |
__ |
| a |
Ключевые слова |
школьная педагогика |
| 610 |
Ключевые слова |
__ |
| a |
Ключевые слова |
музыкальный фольклор |
| 610 |
Ключевые слова |
__ |
| a |
Ключевые слова |
психотерапия |
| 610 |
Ключевые слова |
__ |
| a |
Ключевые слова |
развитие коммуникативной сферы |
| 610 |
Ключевые слова |
__ |
| a |
Ключевые слова |
терапия звуком |
| 610 |
Ключевые слова |
__ |
| a |
Ключевые слова |
танцевально-двигательная терапия |
| 610 |
Ключевые слова |
__ |
| a |
Ключевые слова |
драматерапия |
| 610 |
Ключевые слова |
__ |
| a |
Ключевые слова |
цветотерапия |
| 610 |
Ключевые слова |
__ |
| a |
Ключевые слова |
костюмотерапия |
| 675 |
Индекс УДК |
__ |
| v |
Издание УДК |
3 |
| 686 |
Индексы других классификаций |
__ |
| 2 |
Код системы |
rubbk |
| a |
Индекс ББК |
88.4 |
| 686 |
Индексы других классификаций |
__ |
| a |
Индекс ББК |
74.268.53 |
| 686 |
Индексы других классификаций |
__ |
| a |
Индекс ББК |
53.57 |
| 700 |
Автор |
_1 |
| a |
Фамилия |
Назарова |
| b |
Имя |
Л. Д. |
| g |
Полное личное имя |
Людмила Дмитриевна |
| 801 |
Источник записи |
_0 |
| a |
Страна |
RU |
| b |
Организация |
RuMoRKP |
| c |
Дата составления |
20030617 |
| 801 |
Источник записи |
_2 |
| a |
Страна |
RU |
| b |
Организация |
RKP |
| c |
Дата составления |
20030617 |
| 801 |
Источник записи |
_2 |
| a |
Страна |
RU |
| b |
Организация |
NLR |
| c |
Дата составления |
20030617 |
| 801 |
Источник записи |
_2 |
| a |
Страна |
RU |
| b |
Организация |
Центральная районная библиотека им. Г. А. Пирожникова |
| c |
Дата составления |
20030617 |
| 852 |
Данные о местонахождении |
__ |
| j |
Шифр хранения |
88.4 |
| i |
Авторский знак |
Н 19 |
| b |
Сигла хранения |
ООЧ |
| 901 |
Тип документа |
__ |
| t |
Тип документа |
m |
| 902 |
Роль лиц |
__ |
| a |
Создатель БЗ |
ОКиО/Струналь |
| 990 |
Данные о заказе (DOS) |
__ |
| j |
Количество экземпляров (DOS) |
1 |
| h |
N записи в КСУ для Б/У (DOS) |
2013-1 |